[Event "Vellmar op 1st"]
[Site "Vellmar"]
[Date "2009.08.02"]
[Round "6"]
[White "Strube, Patrick"]
[Black "Norgall, Marc"]
[Result "1-0"]
[WhiteElo "897"]
[BlackElo "769"]
[PlyCount "89"]
[EventDate "2009.07.30"]
[EventType "swiss"]
[EventRounds "7"]
[EventCountry "GER"]
[SourceTitle "EXT 2018"]
[Source "ChessBase"]
[SourceDate "2017.10.13"]
[SourceVersion "1"]
[SourceVersionDate "2017.10.13"]
[SourceQuality "1"]

1. e4 e5 2. Nf3 Nc6 3. Bb5 d6 4. d3 Bg4 5. h3 Bxf3 6. Qxf3 f6 7. Nc3 a6 8. Bxc6+ bxc6 9. 0-0 d5 10. exd5 Bb4 11. dxc6 Bxc3 12. bxc3 Ne7 13. Rb1 0-0 14. Ba3 Re8 15. Bxe7 Qxe7 16. Qd5+ Kh8 17. Qd7 Qxd7 18. cxd7 Red8 19. Rb7 Rxd7 20. Rfb1 h6 21. Rb8+ Rxb8 22. Rxb8+ Kh7 23. Ra8 Rd6 24. Ra7 Rc6 25. c4 g5 26. g3 f5 27. c3 h5 28. f3 Kg6 29. Kg2 h4 30. g4 f4 31. a3 Kf6 32. Kf2 Ke6 33. Ke2 Kd6 34. d4 exd4 35. cxd4 Ke7 36. Kd3 Kf6 37. d5 Rd6 38. Rxc7 Ke5 39. Rc6 Rxc6 40. dxc6 Kd6 41. Kd4 Kxc6 42. c5 a5 43. Kc4 a4 44. Kd4 Kc7 45. Ke5 1-0

[Event "Vellmar op 1st"]
[Site "Vellmar"]
[Date "2009.08.01"]
[Round "4"]
[White "Strube, Patrick"]
[Black "Niediek, Cedric"]
[Result "0-1"]
[WhiteElo "897"]
[BlackElo "1149"]
[PlyCount "64"]
[EventDate "2009.07.30"]
[EventType "swiss"]
[EventRounds "7"]
[EventCountry "GER"]
[SourceTitle "EXT 2018"]
[Source "ChessBase"]
[SourceDate "2017.10.13"]
[SourceVersion "1"]
[SourceVersionDate "2017.10.13"]
[SourceQuality "1"]

1. e4 e5 2. Nf3 Nc6 3. Bb5 Bc5 4. d3 d6 5. 0-0 h6 6. Nc3 a6 7. Bxc6+ bxc6 8. Qd2 Bg4 9. Qe2 Ne7 10. h3 Bh5 11. Be3 Bxe3 12. Qxe3 f5 13. Qd2 Bxf3 14. gxf3 0-0 15. Kh1 fxe4 16. fxe4 Qd7 17. Qe3 Rf7 18. Ne2 Raf8 19. Kh2 Rf3 20. Qxf3 Rxf3 21. Ng3 d5 22. Rae1 d4 23. Kg2 Rf8 24. f3 Ng6 25. Nf5 Nf4+ 26. Kh2 Rxf5 27. exf5 Qxf5 28. Rf2 Qxh3+ 29. Kg1 Qg3+ 30. Kf1 Qh4 31. Kg1 Nh3+ 32. Kg2 Qxf2+ 0-1